Cost And Works Accounting (Record no. 19701)

MARC details
000 -LEADER
fixed length control field 00439nam a2200181Ia 4500
008 - FIXED-LENGTH DATA ELEMENTS--GENERAL INFORMATION
fixed length control field 220531s9999 xx 000 0 und d
041 ## - LANGUAGE CODE
Language code of text/sound track or separate title eng
082 ## - DEWEY DECIMAL CLASSIFICATION NUMBER
Item number KOT
100 ## - MAIN ENTRY--PERSONAL NAME
Personal name Kotibhaskar, J. And Others
9 (RLIN) 31461
245 ## - TITLE STATEMENT
Title Cost And Works Accounting
250 ## - EDITION STATEMENT
Edition statement 1ST
260 ## - PUBLICATION, DISTRIBUTION, ETC. (IMPRINT)
Name of publisher, distributor, etc. Suvichar
Date of publication, distribution, etc. 1992
300 ## - PHYSICAL DESCRIPTION
Extent 370
542 ## - INFORMATION RELATING TO COPYRIGHT STATUS
Copyright holder 31-03-1992
650 ## - SUBJECT ADDED ENTRY--TOPICAL TERM
Topical term or geographic name as entry element costing
9 (RLIN) 31462
906 ## - LOCAL DATA ELEMENT F, LDF (RLIN)
d 1991-1992
-- 2014-2015
f 2400
Holdings
Withdrawn status Lost status Source of classification or shelving scheme Damaged status Not for loan Collection code Home library Current library Date acquired Vendor Cost, normal purchase price Total Checkouts Total Holds Full call number Barcode Date last seen Bill Date Koha item type Original Barcode
Withdrawn   Dewey Decimal Classification       Shri Siddhivinayak Mahila Mahavidyalaya Shri Siddhivinayak Mahila Mahavidyalaya 31/03/1992 Prakashan 90.00   1 /KOT/B/681 SSMM-BK-681 06/08/2022 06/08/2022 Books 010000681